| 000 | 00788nam a22001817a 4500 | ||
|---|---|---|---|
| 003 | JO-AjAnu | ||
| 005 | 20241019094921.0 | ||
| 008 | 241019b jo ||||| |||| 00| 0 ara d | ||
| 040 | _cJO-AjAnu | ||
| 041 | _aARA | ||
| 100 | 1 |
_aإبنغوف، محمود حسن عمر _966271 _eمؤلف |
|
| 245 | 2 | 0 |
_aالاتجاهات النفسية الاجتماعية في الارشاد الزراعي= Psychosocial Attitudes in Agricultural Extension/ _cتأليف محمود حسن عمر إبنغوف |
| 250 | _aالطبعة الاولى | ||
| 260 |
_aالقاهرة : _bالدار العالمية للمشر والتوزيع، المكتبة الدولية للنشر والتوزيع، _c2023 |
||
| 300 | _a146 صفحة | ||
| 650 | 7 | 0 |
_aارشاد زراعي _966273 |
| 942 |
_2lcc _cBK _n0 |
||
| 999 |
_c33738 _d33738 |
||